Trabajar en la administración / Francisco Javier Montero ; prólogo de Joaquin Almunia
Descripción Física:
111 p., 1 f. pleg. ; 24 cm
Colección:
Monografias profesionales ; 104
Otros Autores:
Almunia Amann, Joaquín
Materias:
Administració pública -- Espanya
MARC
| LEADER | 00000nam a2200000Ia 4500 | ||
|---|---|---|---|
| 001 | 8434 | ||
| 008 | 160829s1989 xx 000 0 cat d | ||
| 080 | |a M-2-43 | ||
| 100 | |a Montero, Francisco Javier |9 30177 | ||
| 245 | |a Trabajar en la administración / Francisco Javier Montero ; prólogo de Joaquin Almunia | ||
| 260 | |a Madrid : |b Fundación Universidad - Empresa, |c 1989 | ||
| 300 | |a 111 p., 1 f. pleg. ; |c 24 cm | ||
| 490 | |a Monografias profesionales ; 104 | ||
| 650 | 0 | |a Administració pública |z Espanya |9 19075 | |
| 700 | |a Almunia Amann, Joaquín |9 1560 | ||
| 901 | |a Arxiu | ||
| 942 | |n 1 | ||
| 952 | |0 0 |1 0 |4 0 |6 M243 |7 1 |9 45309 |a Arxiu |b Arxiu |d 2016-12-01 |l 0 |o M-2-43 |p 8434 |r 2016-12-01 00:00:00 |w 2016-12-01 |y ARXIU | ||
| 999 | |c 48383 |d 48383 | ||